| 000 | 00431nam a2200145Ia 4500 | ||
|---|---|---|---|
| 008 | 230917s9999||||xx |||||||||||||| ||und|| | ||
| 040 |
_e75097 _aMAIN |
||
| 041 | _aEnglish | ||
| 082 | _a658.787 L15I | ||
| 100 | _aLal, A B | ||
| 245 | 0 | _aInventory models and the problems of price fluctuations: With special reference to 'a case study of Modi steels' | |
| 260 |
_aNew Delhi _bShree _c1981 |
||
| 300 | _axii, 179 p. | ||
| 942 | _cBK | ||
| 999 |
_c216667 _d216667 |
||